000 00481nam a2200181Ia 4500
005 20250326142633.0
008 250326s9999 xx 000 0 und d
037 _aTextbook
040 _aFMSL
_beng
_cFMSL
041 _aeng
_2eng
084 _qFMSL
100 _aMarcus B W
_9746349
245 0 _aCompeting the new capital market
_cMarcus B W; Wallace S L
260 _aU S A
_bU S A, Harper Business
_c1991
300 _a380p
942 _cTB
999 _c1295940
_d1295940